000 00536nam a2200193Ia 4500
005 20250508150134.0
008 008 250505s9999 xx 000 0 hin d
037 _aTextual
040 _aFEDL
_beng
_cFEDL
041 _ahin
_2eng
084 _a153.42, CAM
_qFEDL
100 _aCampion George G.
_9755794
245 0 _aNerual basis of thought
260 _aLondon, UK
_bKegan Paul
_c1934
300 _av,167p.
700 _a Smith Grafton Elliot
_9756107
942 _cTEXL
_h153.42, CAM
999 _c1321951
_d1321951